Hydrology of Hungry Horse Reservoir, northwestern Montana /

Bibliographic Details
Main Author: Simons, W. D. (Wilbur Douglas), 1912-
Corporate Author: United States. Bonneville Power Administration
Other Authors: Rorabaugh, M. I. (Matthew Irvin), 1916-
Format: Government Document Book
Language:English
Published: Washington : U.S. Govt. Print. Off, 1971.
Series:Geological Survey professional paper ; 682.
Subjects:

MARC

Tag First Indicator Second Indicator Subfields
LEADER 00000cam a2200000 4500
001 in00002783530
005 20150922151234.0
008 711112s1971 dcuab b 001 0 eng
010 |a  78610287  
035 |a (OCoLC)ocm00208489 
035 |a (OCoLC)208489 
040 |a DLC  |c DLC  |d OCLCQ  |d BTCTA  |d OCLCG  |d CSO  |d UtOrBLW 
043 |a n-us-mt 
049 |a TXAM 
050 0 0 |a QE75  |b .P9 no. 682 
050 1 4 |a GB705.M9 S54 1971 
051 |a GB705.M9  |b S54  |c Copy 2. 
082 0 0 |a 550/.8 s 
086 0 |a I 19.16:682 
100 1 |a Simons, W. D.  |q (Wilbur Douglas),  |d 1912- 
245 1 0 |a Hydrology of Hungry Horse Reservoir, northwestern Montana /  |c by W.D. Simons and M.I. Rorabaugh. Prepared in cooperation with the Bonneville Power Administration. 
264 1 |a Washington :  |b U.S. Govt. Print. Off,  |c 1971. 
300 |a v, 66 pages :  |b illustrations, maps. ;  |c 29 cm. 
336 |a text  |b txt  |2 rdacontent 
337 |a unmediated  |b n  |2 rdamedia 
338 |a volume  |b nc  |2 rdacarrier 
490 1 |a Geological Survey professional paper 682 
504 |a Bibliography: page 66. 
650 0 |a Hydrology  |z Montana  |z Hungry Horse Reservoir. 
700 1 |a Rorabaugh, M. I.  |q (Matthew Irvin),  |d 1916- 
710 1 |a United States.  |b Bonneville Power Administration. 
830 0 |a Geological Survey professional paper ;  |v 682. 
948 |a cataloged  |b h  |c 2012/11/27  |d c  |e mvaldespin  |f 02:12:28 pm 
994 |a C0  |b TXA 
999 |a MARS 
999 f f |s 738e5a85-df44-37a9-9fb6-9a946f0b3653  |i 739cc7c2-69e4-30c3-83ed-ddc59d796a09  |t 0 
952 f f |p normal  |a Texas A&M University  |b College Station  |c Sterling C. Evans Library  |d Evans: US Documents (Annex 5th floor)  |t 0  |e I 19.16:682  |h Superintendent of Documents classification  |i unmediated -- volume  |m A14839369771 
998 f f |a I 19.16:682  |t 0  |l Evans: US Documents (Annex 5th floor)